| 000 | 01027nam0a22002411 4500 | ||
|---|---|---|---|
| 001 | rc\391244 | ||
| 005 | 20030616165404.4 | ||
| 035 | _a(NLR Aleph) 005641090 | ||
| 090 |
_a6669780 _c6669780 |
||
| 100 | _a20030616d1989 u |0rusy50 ca | ||
| 101 | 0 | _arus | |
| 102 | _aRU | ||
| 105 | _aa ||||||||| | ||
| 200 | 1 |
_aВентиляция. Основы проектирования вентиляции зрелищных залов _eУчеб. пособие _fЭ.М. Осодоева, к. т. н., доц. _gМ-во нар. образования КазССР, Каз. политехн. ин-т им. В.И. Ленина, Алма-Ат. архит.-строит. ин-т |
|
| 210 |
_aАлма-Ата _cКаз. политехн. ин-т _d1989 (обл. 1990) |
||
| 215 |
_a106 с. _cил. _d20 |
||
| 320 | _aБиблиогр.: с. 104 | ||
| 700 | 1 |
_aОсодоева _bЭ. М. _gЭнгельсина Михайловна |
|
| 801 | 0 |
_aRU _bNLR _gpsbo |
|
| 801 | 1 |
_aRU _bELAR _2rusmarc |
|
| 852 |
_aNLR _j90-3/9163 |
||
| 942 | _cBOOK | ||
| 980 | _aNB | ||